Statistics for Most Terrorized Countries by Continent

Click here to take the quiz!

General Stats

  • This quiz has been taken 55 times
  • The average score is 20 of 28

Answer Stats

ContinentRankAnswer% Correct
Europe31United Kingdom
88%
North America28United States
87%
North America48Canada
85%
South America14Colombia
83%
North America61Mexico
83%
Europe44Russia
83%
Oceania60Australia
81%
Asia1Afghanistan
79%
Oceania41New Zealand
79%
South America37Peru
79%
Asia5Syria
79%
South America46Venezuela
79%
Europe35France
77%
Asia2Iraq
77%
Africa3Somalia
77%
Europe33Germany
75%
South America18Chile
73%
Africa8Niger
73%
South America56Ecuador
71%
Africa6Nigeria
71%
North America93Honduras
69%
North America93Panama
69%
Oceania93Papua New Guinea
67%
Asia10Pakistan
62%
Africa7Mali
56%
Europe29Greece
52%
Africa4Burkina Faso
35%
Asia9Myanmar
35%

Score Distribution

Percentile by Number Answered

Percent of People with Each Score

Your Score History

You have not taken this quiz